000 01502nam0a2200361 4500
001 RU\NLR\bibl\557096
005 20260406021340.0
010 _a5-8386-0050-0
_9200
021 _aRU
_b2004-52738
_92590
035 _a(NLR Aleph) 000549235
090 _a1461874
_c1461874
100 _a20040930d2004 |||y0rusy50 ca
101 0 _arus
102 _aRU
105 _aa |||||||||
200 1 _aПути развития современной школы здоровья в условиях крайнего Севера
_e(К пробл. безопасности жизнедеятельности человека)
_fСимкина П.Л.
210 _aКурск
_c[б. и.]
_d2004
215 _a215 с.
_cил.
_d20
300 _aНа 215-й с. авт.: Симкина П. Л.-И., к.п.н.
320 _aБиблиогр.: с. 138-152 (175 назв.)
606 0 _aБезопасность жизнедеятельности
_yКрайний Север
_92359345
_3RU\NLR\auth\661409004
606 0 _aШкольники
_xЗдоровье
_91193972
_3RU\NLR\auth\66482278
606 0 _aУчителя
_xЗдоровье
_92122687
_3RU\NLR\auth\661281597
686 _aЦ69,6(2Р1)0
686 _aР128.94-38
686 _aР124.61
700 1 _4070
_8rus
_7ca
_aСимкина
_bП. Л..
_f1939-
_gПолина Лазаревна
_3RU\NLR\AUTH\77122864
_9105789
801 0 _aRU
_bNLR
_c20040930
_gPSBO
801 1 _aRU
_bNLR
_c20040930
942 _cBOOK
980 _aNB